Logo BPK

Biblioteka

Politechniki Koszalińskiej

Odpowiedzi na pytania egzaminacyjne dla kandydatów na doradców podatkowych : (Rekord nr 35113)

Szczegóły MARC
000 -ETYKIETA REKORDU
podpole kontrolne o stałej długości 01140nam a2200301 i 4500
001 - NUMER KONTROLNY REKORDU
pole kontrolne bg
020 ## - MIĘDZYNARODOWY ZNORMALIZOWANY NUMER KSIĄŻKI - ISBN
ISBN 8389359308
020 ## - MIĘDZYNARODOWY ZNORMALIZOWANY NUMER KSIĄŻKI - ISBN
ISBN 8389359294 (t.9)
040 ## - ŹRÓDŁO KATALOGOWANIA
Instytucja, która utworzyła rekord BPK
041 0# - KOD JĘZYKA
Kod języka tekstu pol
080 ## - UNIWERSALNA KLASYFIKACJA DZIESIĘTNA - UKD
UKD 336.221.24:343::336:351.077.3:346.5/.6](438)(079)
920 ## - Międzynarodowy znormalizowany numer książki – ISBN
ISBN 83-89359-30-8
920 ## - Międzynarodowy znormalizowany numer książki – ISBN
ISBN 83-89359-29-4 (t.9)
008 - POLE O STAŁEJ DŁUGOŚCI - DANE KONTROLNE
podpole kontrolne o stałej długości s pl f |000 0 pol
245 10 - TYTUŁ/ODPOWIEDZIALNOŚĆ
Tytuł Odpowiedzi na pytania egzaminacyjne dla kandydatów na doradców podatkowych :
Ciąg dalszy tytułu pytania otwarte.
Oznaczenie części/sekcji dzieła T. 9,
Tytuł części/sekcji dzieła Dział VIII-XIII /
Pozostałe elementy strefy tytułu i oznaczenia odpowiedzialności Renata Zielonka [et al.] ; Forum Doradców Podatkowych
260 ## - STREFA ADRESU WYDAWNICZEGO
Miejsce wydania Kraków :
Nazwa wydawcy/dystrybutora FDP,
Data publikacji, dystrybucji/powstania dokumentu 2004.
300 ## - STREFA OPISU FIZYCZNEGO
Objętość 85 s. ;
Rozmiary 30 cm.
650 #9 - HASŁO PRZEDMIOTOWE W FORMIE NAZWY OGÓLNEJ LUB JEDNOSTKOWEJ
Nazwa ogólna lub geograficzna Doradztwo podatkowe
Określnik ogólny prawo
Określnik geograficzny Polska
Określnik chronologiczny stan na 2004 r.
650 #9 - HASŁO PRZEDMIOTOWE W FORMIE NAZWY OGÓLNEJ LUB JEDNOSTKOWEJ
Nazwa ogólna lub geograficzna Egzaminy zawodowe
650 #9 - HASŁO PRZEDMIOTOWE W FORMIE NAZWY OGÓLNEJ LUB JEDNOSTKOWEJ
Nazwa ogólna lub geograficzna Podatek
Określnik ogólny prawo
Określnik geograficzny Polska
Określnik chronologiczny stan na 2004 r.
650 #9 - HASŁO PRZEDMIOTOWE W FORMIE NAZWY OGÓLNEJ LUB JEDNOSTKOWEJ
Nazwa ogólna lub geograficzna Prawo karne finansowe
Określnik geograficzny Polska
Określnik chronologiczny stan na 2004 r.
650 #9 - HASŁO PRZEDMIOTOWE W FORMIE NAZWY OGÓLNEJ LUB JEDNOSTKOWEJ
Nazwa ogólna lub geograficzna Rachunkowość
Określnik geograficzny Polska
Określnik chronologiczny stan na 2004 r.
655 ## - TERMIN INDEKSOWY - OKREŚLENIE RODZAJU/FORMY DOKUMENTU
Określenie rodzaju/formy dokumentu Ćwiczenia i zadania
700 1# - HASŁO DODATKOWE - NAZWA OSOBOWA
Nazwa osobowa ZIELONKA, Renata
710 #0 - HASŁO DODATKOWE - NAZWA CIAŁA ZBIOROWEGO
Nazwa ciała zbiorowego lub jednostki geograficznej Forum Doradców Podatkowych
856 ## - LOKALIZACJA I DOSTĘP DO ELEKTRONICZNYCH DOKUMENTÓW ZDALNYCH
Link (URL) http://koha.tu.koszalin.pl/cgi-bin/koha/opac-detail.pl?biblionumber=35113
Tekst linku Katalog online BPK
942 ## - DODATKOWE ELEMENTY (KOHA)
Typ dokumentu Katalog
Egzemplarze
Wycofany Status egzemplarza Uszkodzony Dostępność Lokalizacja stała Lokalizacja bieżąca Miejsce przechowywania Sygnatura Kod kreskowy Typ dokumentu
      Dostępny Biblioteka Politechniki Koszalińskiej Biblioteka Politechniki Koszalińskiej Wypożyczalnia BG KC 3347 02215006 Katalog
© 2023 Biblioteka Politechniki Koszalińskiej :: KOHA